Drei Fragezeichen oder TKKG? - Statistiken

Allgemein
  • Dieses Quiz wurde 192 mal gespielt
  • Das Durchschnittsergebnis liegt bei 15 aus 20
Antwortstatistiken
Frage Antwort % Korrekt
Der erpresste Erpresser TKKG
89%
Stimmen aus dem Nichts Die drei ???
86%
Duell im Morgengrauen TKKG
84%
Zwillinge der Finsternis Die drei ???
83%
Botschaft aus der Unterwelt Die drei ???
80%
Hotel in Flammen TKKG
80%
Codename: Cobra Die drei ???
78%
Der letzte Schuss TKKG
77%
Gefährliche Diamanten TKKG
76%
Späte Rache Die drei ???
75%
Grusel auf Campbell Castle Die drei ???
75%
Panik im Park Die drei ???
75%
Das leere Grab im Moor TKKG
75%
Spuk im Hotel Die drei ???
74%
Doppelte Täuschung Die drei ???
74%
Schüsse aus dem Dunkel Die drei ???
71%
Der Schlangenmensch TKKG
71%
Bestien in der Finsternis TKKG
67%
Stimme aus der Unterwelt TKKG
64%
Im Schatten des Dämons TKKG
43%
Keine übereinstimmenden Quizze gefunden
Verteilung der Resultate
Anzahl Personen mit jedem Resultat
Perzentil nach korrekt beantworteten Fragen
Ihre Resultats-Entwicklung
Sie haben dieses Quiz noch nicht gespielt